000 00304nam a2200133Ia 4500
005 20251222155111.0
008 251222s9999||||xx |||||||||||||| ||spa||
082 _aPED. 02
100 _aWHALEY D.I.
245 0 _aEnfermería Pediatrica
250 _a2da. ed.
264 _bInteramericana
942 _cLIB
999 _c38046
_d38046